000 00423nam a2200169Ia 4500
003 LK-CoDNM
008 010623t1978 xxu||||| |||| 00| 1 eng d
040 _aLK-CoDNM
_dLK-CoDNM
_eLK-CoDNM
041 _aeng
080 _a940.53(2)
100 _aGoolrick,William.K
245 _aIsland Fighting
260 _bTime Life Books
_aCanada
_c1978
300 _b208P,ill,Map,Pl., 28 cm
650 _aWorld War II
942 _cBK
999 _c110403
_d110403